| 000 | 00912nam a22002417a 4500 | ||
|---|---|---|---|
| 005 | 20240530110647.0 | ||
| 008 | 171105s2016 ua g 000 0dara d | ||
| 017 |
_a2016/20133 _bمصر. دار الكتب |
||
| 020 | _a9789777220101 | ||
| 040 |
_aEG-CaGPL _cEG-CaGPL |
||
| 082 | 0 | 4 |
_221 _a004.678 / _bم م |
| 100 | 1 | _aمارتن، جيل ز | |
| 245 | 1 | 0 |
_aمواقع التواصل الاجتماعى ادوات التغييرالعصرية عبر الانترنت / _cتاليف جيل ز. مارتن ؛ ترجمة هبة عجينة |
| 250 | _aط.1 | ||
| 260 |
_aالقاهرة : _c2016. |
||
| 300 |
_a226 ص. ؛ _c24 سم. |
||
| 650 | 0 | 7 |
_2qrmak _aالانترنت |
| 650 | 0 | 7 |
_2qrmak _aالاتصالات الالكترونية |
| 651 |
_2qrmak _aالشبكات الاجتماعية |
||
| 700 | 0 |
_aهبة عجينة _eمترجم |
|
| 942 |
_2ddc _cBK |
||
| 999 |
_c63557 _d63557 |
||